000 00819nam a2200253Ia 4500
003 OSt
005 20220923211149.0
006 a|||||r|||| 00| 0
007 ta
008 220922b |||||||| |||| 00| 0 hin d
020 _a8187524862 (hbk)
_c100
024 _a239,049
037 _b385, 29/01/2009, Vani Prakashan
_cTextual
040 _aARTS
_cARTS
_bhin
041 _2hin
_ahin
082 _aO122,2N05,NA, 152P6
100 _aजैन, नरेंद्र, अनु.
_9158975
245 0 _aनरक
246 _aNaraka
260 _aमुंबई
_b संवाद प्रकाशन
_c2006
300 _a75पृ.
_ccm.
942 _hO122,2N05,NA, 152P6
_cTEXL
_2CC
999 _c296181
_d296181